[Event "Trelew op"]
[Site "Trelew"]
[Date "2021.03.05"]
[Round "2"]
[White "Salinas, Lautaro"]
[Black "Campos, Maria Jose"]
[Result "0-1"]
[WhiteElo "1919"]
[BlackElo "2112"]
[PlyCount "122"]
[EventDate "2021.03.04"]
[EventType "swiss"]
[EventRounds "6"]
[EventCountry "ARG"]
[SourceTitle "EXT 2022"]
[Source "ChessBase"]
[SourceDate "2021.10.06"]
[SourceVersion "1"]
[SourceVersionDate "2021.10.06"]
[SourceQuality "1"]

1. e4 e5 2. Nf3 Nc6 3. Bb5 a6 4. Ba4 Nf6 5. Qe2 Be7 6. c3 b5 7. Bb3 0-0 8. 0-0 d5 9. d3 Be6 10. Bg5 h6 11. Bh4 Re8 12. Nbd2 Qd7 13. Bg3 Bg4 14. Rfd1 d4 15. c4 Bb4 16. h3 Bh5 17. Qf1 Bxd2 18. Rxd2 Bxf3 19. gxf3 Na5 20. Rc2 b4 21. f4 exf4 22. Bxf4 c5 23. Qg2 Nh5 24. Bxh6 Re6 25. Bg5 Rg6 26. Kf1 f6 27. Qg4 Qxg4 28. hxg4 Rxg5 29. gxh5 Kf7 30. Ke2 Rxh5 31. Rg1 Rah8 32. Rcc1 g5 33. Ba4 Ke6 34. a3 b3 35. Rg3 Rh3 36. Kf3 Rh1 37. Rgg1 R1h4 38. Rg4 Rxg4 39. Kxg4 Ke5 40. Kg3 Rh4 41. Rg1 Rh7 42. Re1 Nb7 43. Bxb3 Nd8 44. Bc2 Ne6 45. Kg2 Nf4+ 46. Kg1 Rh3 47. Rd1 a5 48. Rd2 g4 49. Rd1 Ng6 50. Rb1 Kf4 51. b4 axb4 52. axb4 cxb4 53. c5 Ne5 54. Bd1 Rxd3 55. Kf1 Rc3 56. Rxb4 Kxe4 57. Rb5 Rc1 58. Ke2 Nf3 59. Rb3 Rxc5 60. Rb1 d3+ 61. Kf1 Nd2+ 0-1

[Event "Platense-ch qual"]
[Site "La Plata"]
[Date "2016.09.01"]
[Round "2.5"]
[White "Boassi, Leandro"]
[Black "Salinas, Lautaro"]
[Result "0-1"]
[WhiteElo "1797"]
[BlackElo "1885"]
[PlyCount "84"]
[EventDate "2016.08.30"]
[EventType "swiss"]
[EventRounds "7"]
[EventCountry "ARG"]
[SourceTitle "EXT 2024"]
[Source "ChessBase"]
[SourceDate "2023.10.10"]
[SourceVersion "1"]
[SourceVersionDate "2023.10.10"]
[SourceQuality "1"]

1. c4 e5 2. Nc3 Nc6 3. g3 g6 4. Bg2 Bg7 5. e4 d6 6. Nge2 Be6 7. d3 Qd7 8. Nd5 Nce7 9. d4 0-0-0 10. a4 Bh3 11. 0-0 h5 12. f3 Bxg2 13. Kxg2 h4 14. g4 Nxd5 15. cxd5 f5 16. h3 Nf6 17. Nc3 exd4 18. Qxd4 Kb8 19. Qd3 Rdf8 20. Bd2 fxg4 21. hxg4 h3+ 22. Kh1 Qe7 23. Rac1 Nd7 24. b4 Ne5 25. Qe2 Qh4 26. Be1 Qh6 27. Bg3 Nxf3 28. Nb5 Nd4 29. Nxd4 Bxd4 30. Rxf8+ Rxf8 31. Qc4 Qg7 32. Rf1 Re8 33. Qd3 Be5 34. Bf2 Qd7 35. a5 Qxg4 36. Rg1 Qh5 37. Qe3 b6 38. Rc1 Bd4 39. Qf4 Bxf2 40. Qxf2 Qg4 41. Re1 Kb7 42. Qc2 Rf8 0-1

[Event "Berisso Chessniacs sf 5th"]
[Site "Berisso"]
[Date "2016.08.27"]
[Round "2.1"]
[White "Salinas, Lautaro"]
[Black "Perez Grizia, Jorge Adrian"]
[Result "1/2-1/2"]
[WhiteElo "1854"]
[BlackElo "1924"]
[PlyCount "80"]
[EventDate "2016.08.26"]
[EventType "swiss"]
[EventRounds "6"]
[EventCountry "ARG"]
[SourceTitle "EXT 2024"]
[Source "ChessBase"]
[SourceDate "2023.10.10"]
[SourceVersion "1"]
[SourceVersionDate "2023.10.10"]
[SourceQuality "1"]

1. e4 c5 2. Nf3 a6 3. c3 e6 4. d4 b5 5. a4 b4 6. d5 Nf6 7. Bg5 h6 8. Bxf6 gxf6 9. cxb4 cxb4 10. Qd4 Rg8 11. Nbd2 e5 12. Qd3 d6 13. Rc1 Bd7 14. Nc4 Rg4 15. h3 Rf4 16. g3 Rxf3 17. Qxf3 Bxa4 18. Qe3 Nd7 19. Bg2 Nc5 20. 0-0 Bb5 21. f4 Rc8 22. fxe5 dxe5 23. Kh2 Nd7 24. b3 a5 25. Rf2 Bxc4 26. bxc4 Bc5 27. Qd2 Bxf2 28. Qxf2 Rc5 29. Qe3 Qc7 30. Bf1 a4 31. Qd2 Qb6 32. Ra1 Ra5 33. d6 a3 34. Rd1 Ra8 35. Qxh6 Qf2+ 36. Bg2 a2 37. Qh8+ Nf8 38. d7+ Ke7 39. d8Q+ Rxd8 40. Rxd8 Kxd8 1/2-1/2

[Event "Chubut Province-ch"]
[Site "Chubut"]
[Date "2014.06.20"]
[Round "3"]
[White "Salinas, Lautaro"]
[Black "O Connor, Martin"]
[Result "0-1"]
[WhiteElo "1871"]
[BlackElo "1868"]
[PlyCount "180"]
[EventDate "2014.06.19"]
[EventType "swiss"]
[EventRounds "7"]
[EventCountry "ARG"]
[SourceTitle "CBM 161 Extra"]
[Source "ChessBase"]
[SourceDate "2014.08.29"]
[SourceVersion "1"]
[SourceVersionDate "2014.08.29"]
[SourceQuality "1"]

1. e4 e5 2. Nf3 Nc6 3. Bb5 a6 4. Ba4 Nf6 5. Qe2 Be7 6. c3 b5 7. Bb3 0-0 8. 0-0 Bb7 9. d4 d6 10. Rd1 Qc8 11. Nbd2 Qg4 12. h3 Qh5 13. Nf1 Nd7 14. Ng3 Qg6 15. Nf5 Rfe8 16. Rd3 Na5 17. d5 Nc5 18. Nxe7+ Rxe7 19. Re3 Naxb3 20. axb3 Nxb3 21. Nh4 Qf6 22. Nf5 Ree8 23. Rg3 Nxc1 24. Rxc1 g6 25. Nh6+ Kg7 26. Qe3 Qf4 27. Ng4 Qxe3 28. Nxe3 a5 29. Kf1 a4 30. Nc2 Bc8 31. Re3 f5 32. f3 Bd7 33. Ke2 Reb8 34. Kd2 Kf6 35. Rf1 f4 36. Ree1 g5 37. Ra1 h5 38. Rh1 Rg8 39. Rag1 Rg6 40. Ke2 Kg7 41. Kf2 c5 42. dxc6 Bxc6 43. Rd1 Bb7 44. Rd2 Kf7 45. Rhd1 Ke7 46. Na3 Bc6 47. Nc2 Rag8 48. Rg1 Bd7 49. Nb4 Be6 50. Nc6+ Ke8 51. Rxd6 Bd7 52. Rxg6 Rxg6 53. Nxe5 Rd6 54. Nxd7 Rd2+ 55. Ke1 Rxb2 56. Nf6+ Kf7 57. Nd5 a3 58. Nb4 a2 59. Nxa2 Rxa2 60. h4 gxh4 61. Rf1 Rxg2 62. Rh1 h3 63. Rxh3 Kg6 64. e5 Rg5 65. Kd2 Rxe5 66. Kd3 Re3+ 67. Kd4 Kg5 68. Kc5 Rxc3+ 69. Kxb5 h4 70. Kb4 Rc8 71. Kb3 Rc1 72. Kb2 Rg1 73. Kc2 Rg3 74. Rh2 Rxf3 75. Kd2 Re3 76. Rg2+ Kf5 77. Rh2 h3 78. Rh1 Kg4 79. Rg1+ Kf3 80. Rf1+ Kg3 81. Rg1+ Kf2 82. Rg4 f3 83. Rh4 Re2+ 84. Kd3 Kg3 85. Rh8 h2 86. Rg8+ Kf2 87. Rh8 Kg1 88. Rg8+ Rg2 89. Rc8 h1Q 90. Rc1+ Kh2 0-1

[Event "Chubut Province-ch"]
[Site "Chubut"]
[Date "2014.06.19"]
[Round "1"]
[White "Salinas, Lautaro"]
[Black "Hernandez, Horacio"]
[Result "1/2-1/2"]
[WhiteElo "1871"]
[BlackElo "2186"]
[PlyCount "91"]
[EventDate "2014.06.19"]
[EventType "swiss"]
[EventRounds "7"]
[EventCountry "ARG"]
[SourceTitle "CBM 161 Extra"]
[Source "ChessBase"]
[SourceDate "2014.08.29"]
[SourceVersion "1"]
[SourceVersionDate "2014.08.29"]
[SourceQuality "1"]

1. f4 d5 2. Nf3 Nf6 3. b3 Qd6 4. e3 Bg4 5. Bb2 Nbd7 6. Be2 Bxf3 7. Bxf3 e5 8. fxe5 Nxe5 9. 0-0 h5 10. Na3 c6 11. Qe2 Neg4 12. Bxg4 Nxg4 13. g3 Rh6 14. Qf3 f6 15. c4 0-0-0 16. Rac1 Kb8 17. cxd5 Qxd5 18. Qxd5 Rxd5 19. Rc2 Rg6 20. Nc4 Nh6 21. Rf4 Be7 22. e4 Rdg5 23. e5 Ng4 24. exf6 gxf6 25. Ne3 Bc5 26. Bd4 Bd6 27. Rf3 c5 28. Bb2 Be5 29. Nxg4 Bxb2 30. Rxb2 Rxg4 31. Kg2 h4 32. d3 hxg3 33. Rxg3 Rxg3+ 34. hxg3 Kc7 35. Rc2 Kd6 36. Kf3 b5 37. Rh2 Kd5 38. Rh4 a5 39. Kf2 Rg5 40. Kf3 Rf5+ 41. Ke2 Re5+ 42. Kf2 Rf5+ 43. Ke2 Rg5 44. Kf3 f5 45. Kf2 Ke5 46. Kf3 1/2-1/2